A third revolution in retail?. The Dutch approach to leisure and urban entertainment (Record no. 71269)
[ view plain ]
| 000 -LEADER | |
|---|---|
| fixed length control field | 01055cam a2200241 4500 |
| 001 - CONTROL NUMBER | |
| control field | ABS65955 |
| 008 - FIXED-LENGTH DATA ELEMENTS--GENERAL INFORMATION | |
| fixed length control field | 021001n2002 000 0 eng u |
| 035 ## - SYSTEM CONTROL NUMBER | |
| System control number | (Sirsi) u119948 |
| 100 ## - MAIN ENTRY--PERSONAL NAME | |
| Personal name | Kooijman, D |
| 245 #2 - TITLE STATEMENT | |
| Title | A third revolution in retail?. The Dutch approach to leisure and urban entertainment |
| 260 ## - PUBLICATION, DISTRIBUTION, ETC. | |
| Date of publication, distribution, etc. | 2002 |
| 490 ## - SERIES STATEMENT | |
| Series statement | Journal of Leisure Property |
| Volume/sequential designation | 2(3) August 2002, 214-229 (16) |
| 520 ## - SUMMARY, ETC. | |
| Summary, etc. | Proposes that leisure and urban entertainment could signal a third revolution in the retail sector. Develops a clear framework of the relationships between real estate, leisure, urban entertainment and retail sector drawing on past and recent experience in the Netherlands. Describes the contending views surrounding this subject. Figures.Tables. References. (TAKEN FROM JOURNAL ABSTRACT). |
| 590 ## - LOCAL NOTE (RLIN) | |
| Local note | ABS |
| 650 ## - SUBJECT ADDED ENTRY--TOPICAL TERM | |
| Topical term or geographic name entry element | NETHERLANDS |
| 650 ## - SUBJECT ADDED ENTRY--TOPICAL TERM | |
| Topical term or geographic name entry element | LEISURE PROPERTY |
| 650 ## - SUBJECT ADDED ENTRY--TOPICAL TERM | |
| Topical term or geographic name entry element | REAL ESTATE |
| 650 ## - SUBJECT ADDED ENTRY--TOPICAL TERM | |
| Topical term or geographic name entry element | LEISURE |
| 650 ## - SUBJECT ADDED ENTRY--TOPICAL TERM | |
| Topical term or geographic name entry element | URBAN ENTERTAINMENT CENTRES |
| 650 ## - SUBJECT ADDED ENTRY--TOPICAL TERM | |
| Topical term or geographic name entry element | RETAIL SECTOR |
| 690 ## - LOCAL SUBJECT ADDED ENTRY--TOPICAL TERM (OCLC, RLIN) | |
| Topical term or geographic name as entry element | INTERNATIONAL-EUROPE |
| 942 ## - ADDED ENTRY ELEMENTS (KOHA) | |
| Suppress in OPAC | 0 |
| Withdrawn status | Lost status | Source of classification or shelving scheme | Damaged status | Not for loan | Home library | Current library | Shelving location | Date acquired | Total Checkouts | Full call number | Barcode | Date last seen | Copy number | Price effective from | Koha item type |
|---|---|---|---|---|---|---|---|---|---|---|---|---|---|---|---|
| Dewey Decimal Classification | London | London | Journal article | 01/10/2002 | ABS65955 | 119948-1001 | 06/08/2019 | 1 | 06/08/2019 | Journal article |